Cultura Geral - Statistics

Estatísticas Gerais
  • Esse quiz foi jogado 21 vezes
  • A pontuação média é 7 de 15
Estatísticas das Respostas
Hint Resposta % Correto
De que cor é o vinho rosé? Rosa
90%
A que cidade da Califórnia pertence o aeroporto LAX? Los Angeles
80%
Em que país podemos encontrar Salzburgo? Áustria
75%
Em que cidade da Áustria podemos encontrar o Palácio de Schönbrunn? Viena
70%
O que é uma Lager? Cerveja
60%
Quem canta a música "Another One Bites the Dust"? Queen
60%
Em que estado dos EUA podemos encontrar a cidade de Olympia? Washington
55%
A que cidade pertence o aeroporto JFK? Nova York
45%
Quem canta a música "Sugar"? Marron 5
35%
Quem canta a música "The Climb"? Miley Cyrus
30%
Que nome damos a uma bebida de café expresso com uma quantidade generosa de espuma de leite no topo? Latte
20%
Quem canta a música "All About That Bass"? Meghan Trainor
20%
Qual era a canção de abertura da série Hannah Montana da Disney? The Best of Both Worlds
15%
Quem canta a música "Uprising"? Muse
5%
O que significa a palavra Chips em português? Salgados
0%
Nenhum quiz correspondente encontrado
Distribuição das Pontuações
Porcentagem de Pessoas com Cada Pontuação
Percentil de Números Respondidos
Sua Pontuação Histórica
Você não jogou esse quiz